LEADER 01368cam a2200325 a 4500 001 000000155408 003 CaOOAMICUS 005 20161024130225.0 008 161024s2016 enk b 000 u eng r 020 $a978-0-567-66643-7* 032 $aLibriCat 040 $aPUL$bita 082 04$a225.6 245 00$aInstitutions of the emerging church /$cedited by Sven-Olav Back and Erkki Koskenniemi. 260 $aLondon, New York :$bBloomsbury T&T Clark,$c2016. 300 $axx, 156 p. ;$c24 cm. 490 1 $aLibrary of New Testament studies ;$v305 504 $aInclude bibliografia. 650 4$aChiesa$xStudi.$0(OLS)http://pul/subject/38784 700 1 $aBack, Sven-Olav.$0(OLS)http://pul/name/98966 700 1 $aKoskenniemi, Erkki.$0(OLS)http://pul/name/49245 830 0$aLibrary of New Testament studies ;$v305.$0(OLS)http://pul/title/158087 850 $aPUL 852 $aPUL$W1$xSL Religione 3$y85$m225. 6 COLL 1.305$j178522$qDDC 21$B181709$CPULBib$Z2$F181709 $H128277 $81 941 1 $a9 996 $6020$a978-0-567-66643-7*$9(OLS)http://pul/number/161391 996 $6082$a225.6$9(OLS)http://pul/classification/1734 996 $6245$aInstitutions of the emerging church$9(OLS)http://pul/title/195074 996 $6260$aLondon, New York :$bBloomsbury T&T Clark$9(OLS)http://pul/publisher/82359 LEADER 01786nam a2200373 a 4500 001 000000132413 003 CaOOAMICUS 005 20130124151922.0 008 130124s2012 it u001 u ita r 020 $a88-16-40164-8 020 $a978-88-215-7432-0 040 $aPUL$bita 041 1 $aita$hlat 082 04$a189 100 0 $aThomas Aquinas,$cs.,$dc. 1225-1274.$0(OLS)http://pul/name/3373 240 10$aReportationes.$pIn Aristotelis De anima.$lLatino e italiano.$0(OLS)http://pul/title/167289 245 13$aLo specchio dell'anima :$bla sentenza di Tommaso d'Aquino sul "De anima" di Aristotele /$cTommaso d'Aquino ; a cura del Progetto Tommaso. 260 $aCinisello Balsamo :$bSan Paolo,$c2012. 300 $a1220 p. ;$c22 cm. 504 $aBibliografia in nota. 546 $aTesto in latino, traduzione italiana a fronte. 600 04$aAristoteles,$d384-322 a.C.$tDe anima$xCritica e interpretazione$ySec. XIII.$0(OLS)http://pul/subject/39288 600 04$aThomas Aquinas,$cs.,$dc. 1225-1274$xFilosofia.$0(OLS)http://pul/subject/1465 710 2 $aProgetto Tommaso (Torino).$0(OLS)http://pul/name/79992 850 $aPUL 852 $aPUL$W1$xSL Filosofia 3$y81$m189 TOMAQ 5$j152375$qDDC 21$B151725$CPULBib$Z2$F151725 $H121580 $82 900 $aTommaso d'Aquino,$cs.,$dc.1225-1274$93373 941 1 $a9 996 $6020$a88-16-40164-8$9(OLS)http://pul/number/136298 996 $6020$a978-88-215-7432-0$9(OLS)http://pul/number/151584 996 $6082$a189$9(OLS)http://pul/classification/439 996 $6245$aLo specchio dell'anima :$bla sentenza di Tommaso d'Aquino sul "De anima" di Aristotele$9(OLS)http://pul/title/167290 996 $6260$aCinisello Balsamo :$bSan Paolo$9(OLS)http://pul/publisher/54577